| 000 | 00500nam a22001937a 4500 | ||
|---|---|---|---|
| 003 | MPLRDC | ||
| 005 | 20220104144238.0 | ||
| 008 | 210129b ||||| |||| 00| 0 eng d | ||
| 020 | _a957-615-295-X | ||
| 082 | _a192.1 OSHO-9 | ||
| 100 | _aMASTER OSHO 奥修大师 | ||
| 245 |
_a成为你自己的笑话吧! _c林若宇译 |
||
| 250 | _a初版 | ||
| 260 |
_a台湾 _b探索出版有限公司 _c2001 |
||
| 300 | _b299 | ||
| 490 | _a心灵探索 | ||
| 650 | _a灵修 | ||
| 942 |
_cBK _o192.1 OSHO-9 |
||
| 999 |
_c47777 _d47767 |
||